Eastern Utah Libraries Catalog: Duchesne, Heber, Roosevelt, & Vernal

Richard Scarry's best little word book ever!. (Record no. 178377)

MARC details
000 -LEADER
fixed length control field 01013aam a2200301 a 4500
008 - FIXED-LENGTH DATA ELEMENTS--GENERAL INFORMATION
fixed length control field 911024s1992 wiua j 000 1 eng
010 ## - LIBRARY OF CONGRESS CONTROL NUMBER
LC control number 91076492
020 ## - INTERNATIONAL STANDARD BOOK NUMBER
International Standard Book Number 0307001369
040 ## - CATALOGING SOURCE
Original cataloging agency DLC
Transcribing agency DLC
050 00 - LIBRARY OF CONGRESS CALL NUMBER
Classification number PZ7.S327
Item number Lw 1992
082 00 - DEWEY DECIMAL CLASSIFICATION NUMBER
Classification number [E]
Edition number 20
035 ## - SYSTEM CONTROL NUMBER
System control number (IMchF)fol00115839
005 - DATE AND TIME OF LATEST TRANSACTION
control field 20241220154522.0
001 - CONTROL NUMBER
control field 86223
003 - CONTROL NUMBER IDENTIFIER
control field DCL
100 1# - MAIN ENTRY--PERSONAL NAME
Personal name Scarry, Richard.
9 (RLIN) 7389
240 10 - UNIFORM TITLE
Uniform title <a href="Best little word book ever!">Best little word book ever!</a>
245 10 - TITLE STATEMENT
Title Richard Scarry's best little word book ever!.
260 ## - PUBLICATION, DISTRIBUTION, ETC. (IMPRINT)
Place of publication, distribution, etc Racine, Wis. :
Name of publisher, distributor, etc Western Pub. Co.,
Date of publication, distribution, etc c1992.
300 ## - PHYSICAL DESCRIPTION
Extent 1 v. (unpaged) :
Other physical details chiefly col. ill. ;
Dimensions 21 cm.
490 0# - SERIES STATEMENT
Series statement A Little golden book
500 ## - GENERAL NOTE
General note "A Golden book."
520 ## - SUMMARY, ETC.
Summary, etc Labeled pictures introduce the members of the Cat family, their good friend Lowly Worm, their house, their food, and their drives downtown, to the airport, and to the harbor.
650 #1 - SUBJECT ADDED ENTRY--TOPICAL TERM
Topical term or geographic name as entry element Vocabulary
Form subdivision Fiction.
9 (RLIN) 5730634
650 #1 - SUBJECT ADDED ENTRY--TOPICAL TERM
Topical term or geographic name as entry element Cats
Form subdivision Fiction.
9 (RLIN) 5674208
740 01 - ADDED ENTRY--UNCONTROLLED RELATED/ANALYTICAL TITLE
Uncontrolled related/analytical title Word book.
942 ## - ADDED ENTRY ELEMENTS (KOHA)
Koha item type UNKNOWN
Holdings
Withdrawn status Lost status Source of classification or shelving scheme Damaged status Not for loan Collection code Home library Current library Shelving location Date acquired Cost, normal purchase price Total Checkouts Total Renewals Full call number Barcode Checked out Date last seen Date checked out Cost, replacement price Price effective from Koha item type
  Long Overdue (Lost) Dewey Decimal Classification     Children Picture Books Wasatch County Library Wasatch County Library Main Floor Childrens Area 07/09/2010 13.95 29 7 E Sca 34301000951410 11/13/2023 09/13/2023 09/13/2023 13.95 03/20/2020 BOOK
This project was made possible through a grant from the Institute of Museum and Library Service administered by the Utah State Library Division.

Wasatch County Library

  • 465 East 1200 South, Heber City, Utah 84032
  • Phone 435-654-1511 | Fax 435-654-6456

Hours

  • Monday - Friday 9:30 AM - 8:00 PM
  • Saturday 9:30 AM - 1:30 PM
  • Closed Sundays and Holidays